00437nam a2200121Ia 4500008004100000245006600041245003900107260000900146650001700155856005100172999001900223952007300242171211s9999 xx 000 0 und d aBetween the Ropes: Wrestling's Greatest Triumphs and Failures cBrian Fritz and Christopher Murray c2006 xMartial Arts uhttp://down.ebook777.com/064/9781550227260.pdf c348181d348181 001040aCLbCLd2017-12-11l0r2017-12-11 00:00:00w2017-12-11yCBE